| 000 | 00719cam a2200241 a 4500 | ||
|---|---|---|---|
| 008 | |||
| 020 | _a0240515536 (pbk.) | ||
| 049 | _aMAIN | ||
| 090 | 0 | _aPN1995.9.P7 | |
| 100 | 1 | _aGates, Richard. | |
| 245 | 1 | 0 |
_aProduction management for film and video / _cRichard Gates. |
| 250 | _a3rd ed. | ||
| 260 |
_aOxford : _bFocal Press, _cc1999. |
||
| 300 |
_ax, 167 p. : _bill. ; _c24 cm. |
||
| 500 | _aIncludes index. | ||
| 650 | 0 |
_aMotion pictures _xProduction and direction. |
|
| 650 | 0 |
_aVideo recordings _xProduction and direction. |
|
| 907 |
_a.b10226400 _b24-01-07 _c24-01-07 |
||
| 003 | |||
| 005 | 20230123134340.0 | ||
| 040 | _cNUST | ||
| 942 |
_cBOOKS _kPN1995.9.P7 |
||
| 999 |
_c164349 _d164349 |
||